000
00302nam a22001337a 4500
008
170505b xxu||||| |||| 00| 0 eng d
020
_a
9780870840739
041
_a
eng
080
_2
3RD
_a
34
100
_a
15
101
_a
SHJ
245
_a
JUSTICE, CRIME AND ETHICS
_c
BRASWELL, M.C
942
_2
udc
_c
BK
999
_c
12815
_d
12815